1833 1454 1237 1095 1749 1389 1333 1350 1754 1691 1497 1708 1977 1560 1858 1480 1815 1719 1700 1140 1404 1760 1060 1919 1662 1248 1600 1946 1141 1977 1988 1690 1391 1854 1223 1541 1524 1364 1411 1398 1893 1231 1603 1069 1682 1745 1503 1471 1843 1986 1320 1693 1827 1429 1340 1310 1474 1725 1719 1822 1840 1069 1000 1236 1866 1910 1748 1029 1660 1813 1285 1233 1665 1837 1753 1784 1225 1936 1394 1068 1394 1445 1581 1717 1934 1241 1652 1979 1433 1699 1474 1779 1335 1925 1886 1989 1972 1421 1910 BCNSPRNW ULIB Ver.6.0+V

เปลี่ยนเป็นภาษาไทย

Change to English
 แสดงรายละเอียดบรรณานุกรม
  กลับหน้าหลัก

Brief Record : Get Marc (ISO 2709) : E-mail record : QR code < ปิดหน้าต่าง
LEADER : 00000nam 2200000uu 4500
001    13399120757
003     ULIB
008    121015s2552||||th 000 0 tha d
020    ^a9786115020102
090    ^aนว.^bก385พ
100 0  ^aกัณธิชา
245 00 ^aพิศวาสเกมร้าย/^cกัณธิชา
250    ^aพิมพ์ครั้งที่ 2
260    ^aกรุงเทพฯ :^bเยสโล่การพิมพ์,^c2552
300    ^a408หน้า
710 1  ^aเยสโล่การพิมพ์
945    ^p250^l0^i026774
995    ^aวิภา
999 ^a ใช้งานได้ทุกระบบ
รายการนี้ยังไม่มีแท็ก
คุณยังไม่ได้ล็อกอิน คุณสามารถมีกิจกรรมร่วมกับเว็บไซต์ได้ แต่ต้องล็อกอินก่อน ::
  ล็อกอิน

รายการสื่อสารสนเทศ

ลำดับที่ ประเภท เลขเรียก/บาร์โค้ด สถานที่ สถานะ
1. วิทยาศาสตร์การแพทย์ และสุขภาพ
วิทยาศาสตร์การแพทย์ และสุขภาพ
นว. ก385พ  
  Barcode: 026774
ห้องสมุดวิทยาเขตสวรรค์ประชารักษ์
►นวนิยาย
บนชั้น
  ขอยืม

BibComment


ยังไม่เคยถูกคอมเมนท์

คอมเมนท์ทรัพยากรรายการนี้
  คอมเมนท์: พิศวาสเกมร้าย กั..


 Copyright 2026. Bcnsprnw @Library